000 00381nam a22001697a 4500
003 SGT
020 _a9781626232044
082 _a616.8
_bV17W
100 _aWEBER, PETER C.
245 _aVERTIGO AND DISEYUILIBRIUM
250 _a2ND
260 _aNEW YORK
_bTHIEME PUB
_c2017
300 _a232
650 _aAUDIOLOGY
653 _aVERTIGO AND DISEYUILIBRIUM
942 _2ddc
_cBK
999 _c31345
_d31345